000 00410nam a2200169Ia 4500
003 0STCL
008 150530s9999 xx 000 0 und d
040 _aSTCL
_cSTCL
100 _aSuresh Bathra
245 _aAmritial Nagar Vyakthithwa ,Krithithwa Avem Sidhanth
260 _bPanch Sheel ; Jaipur
_c1979
300 _a0
546 _aHindi
942 _2ddc
_cBK
999 _c65557
_d65557
005 20220125171309.0